Filosofia - Clássica - Statistics

Estatísticas Gerais
  • Esse quiz foi jogado 422 vezes
  • A pontuação média é 6 de 10
Estatísticas das Respostas
Questão Resposta % Correto
Como são denominados os filósofos da arte da retórica, que consideravam a verdade como algo relativo e ensinavam por dinheiro? Sofistas
77%
Quem foi condenado a morte pela democracia ateniense? Sócrates
71%
Segundo Aristóteles, o ser é formado por (1) = a essência, o geral e por (2) = as particularidades. Qual alternativa substitui (1) e (2) corretamente? Substância - Acidentes
71%
Platão, no seu dualismo, apresenta a Teoria das Ideias, dividindo em: Mundo Sensível e Mundo Inteligível. Segundo este autor: O mundo sensível é uma cópia imperfeita do Mundo Inteligível
60%
Platão e Aristóteles fundaram, respectivamente: Academia e Liceu
58%
A frase "Conhece-te a ti mesmo" foi dita por quem? Sócrates
56%
O Método Dialético de Sócrates pode ser dividido em duas partes: Ironia e Maiêutica
54%
Platão e Aristóteles não concordavam sobre onde a verdade pode ser encontrada. Pode-se dizer que são precursores, respectivamente, de dois movimentos filosóficos: Racionalismo e Empirismo
42%
Aristóteles, estudando a lógica, criou os (1) , que são compostos por duas premissas e uma conclusão.O termo que substitui corretamente o número 1 é: Silogismos
38%
O Mito da Caverna de Platão exemplifica a busca filosófica pela verdade. Dentro da caverna (1) estão as sombras e fora da caverna (2), na luz, está a verdade. Qual opção corresponde respectivamente aos números 1 e 2: Doxa e Episteme
37%
Nenhum quiz correspondente encontrado
Distribuição das Pontuações
Porcentagem de Pessoas com Cada Pontuação
Percentil de Números Respondidos
Sua Pontuação Histórica
Você não jogou esse quiz